| 000 | 00760nam a22002177a 4500 | ||
|---|---|---|---|
| 005 | 20251104092141.0 | ||
| 008 | 251104b mx ||||| |||| 00| 0 spa d | ||
| 050 | 0 | 4 |
_aHC412 _bM97 1975 |
| 100 | 1 | _aMyrdal, Gunnar | |
| 240 |
_aasian drama. an inquiry into the poverty of nations. _lEspañol. |
||
| 245 | 1 | 3 |
_aLa pobreza de las naciones _c / Gunnar Myrdal ; traducción de Joaquim Sempere. |
| 250 | _a1a ed. | ||
| 260 |
_aMéxico : _bSiglo Veitiuno Editores, _c1975 |
||
| 300 |
_a459 p. ; _c18 cm. |
||
| 490 | 0 | _aEconomía y demografía | |
| 500 | _aIncluye índice | ||
| 651 | 7 |
_2lemb _aAsia del Sur _xCondiciones económicas |
|
| 651 | 7 |
_2lemb _aAsia Sudoriental _xCondiciones económicas |
|
| 700 | 1 |
_aSempere, Joaquim _etraductor. |
|
| 942 |
_2lcc _cLIB |
||
| 999 |
_c49836 _d49836 |
||